[Event "Take 4 2026.02"]
[Site "Montreal CAN"]
[Date "2026.02.08"]
[Round "4.1"]
[White "Both, Aaron"]
[Black "Robillard, Guillaume"]
[Result "1-0"]
[WhiteElo "2021"]
[BlackElo "1661"]
[WhiteFideId "-1"]
[BlackFideId "-1"]
[PlyCount "55"]
[GameId "2281092406825471"]
[EventDate "2026.02.07"]
[EventType "swiss"]
[EventRounds "4"]
[EventCountry "CAN"]

1. e4 c5 2. Nc3 d6 3. d4 cxd4 4. Qxd4 a6 5. b3 Nc6 6. Qd2 Nf6 7. Bb2 e6 8. O-O-O Be7 9. Kb1 b5 10. a3 Qb6 11. h3 Bb7 12. g4 h6 13. f4 O-O-O 14. Bg2 Nd7 15. Nf3 Rhg8 16. h4 Na5 17. g5 Kb8 18. Rhe1 Nc5 19. Qf2 b4 20. axb4 Qxb4 21. Rd4 Qb6 22. b4 Nxe4 23. Nxe4 Nc6 24. Rd3 Qxf2 25. Nxf2 Nxb4 26. Rb3 Nd5 27. Nd4 Rd7 28. Bxd5 1-0

[Event "Take 4 2026.02"]
[Site "Montreal CAN"]
[Date "2026.02.08"]
[Round "4.2"]
[White "Nassif, Aba"]
[Black "Kraiouchkine, Nikita"]
[Result "0-1"]
[WhiteElo "1949"]
[BlackElo "2246"]
[WhiteFideId "-1"]
[BlackFideId "-1"]
[PlyCount "60"]
[GameId "2281092406829568"]
[EventDate "2026.02.07"]
[EventType "swiss"]
[EventRounds "4"]
[EventCountry "CAN"]

1. d4 a6 2. Nc3 b5 3. a3 Bb7 4. e4 e6 5. b4 d6 6. Be3 Nd7 7. f4 c5 8. Bd3 Ngf6 9. Qf3 Rc8 10. bxc5 dxc5 11. dxc5 Nxc5 12. Nge2 Nxd3+ 13. cxd3 Qxd3 14. Rd1 Qc4 15. Rd4 Qc7 16. O-O Bxa3 17. g4 Bc5 18. g5 Nd7 19. Ng3 O-O 20. Nh5 f5 21. Qf2 fxe4 22. Qa2 Qc6 23. Ng3 Bxd4 24. Bxd4 Qc4 25. Qd2 Qd3 26. Qxd3 exd3 27. Nh5 e5 28. fxe5 Rxf1+ 29. Kxf1 Nf8 30. Kf2 Ne6 0-1

[Event "Take 4 2026.02"]
[Site "Montreal CAN"]
[Date "2026.02.08"]
[Round "4.3"]
[White "Harika, Rodolph"]
[Black "Cuconescu, Maxim"]
[Result "1-0"]
[WhiteElo "1332"]
[BlackElo "947"]
[WhiteFideId "-1"]
[BlackFideId "-1"]
[PlyCount "47"]
[GameId "2281092406829569"]
[EventDate "2026.02.07"]
[EventType "swiss"]
[EventRounds "4"]
[EventCountry "CAN"]

1. e4 d5 2. exd5 Qxd5 3. Nc3 Qa5 4. Nf3 Bg4 5. h3 Bh5 6. d4 e6 7. Bd2 c6 8. Bd3 Nf6 9. O-O Bd6 10. Ne4 Qc7 11. Nxf6+ gxf6 12. c4 Nd7 13. b4 Bh2+ 14. Kh1 Bf4 15. Be2 O-O-O 16. a4 Nb6 17. b5 Bxf3 18. Bxf3 Rxd4 19. Bxf4 Rxf4 20. bxc6 bxc6 21. c5 Rd8 22. cxb6 Qxb6 23. Qc1 Rg8 24. Qxf4 1-0

[Event "Take 4 2026.02"]
[Site "Montreal CAN"]
[Date "2026.02.08"]
[Round "4.4"]
[White "Gamache, Lucien"]
[Black "Navarro, Pavel"]
[Result "0-1"]
[WhiteElo "1645"]
[BlackElo "2025"]
[WhiteFideId "-1"]
[BlackFideId "-1"]
[PlyCount "36"]
[GameId "2281092406833666"]
[EventDate "2026.02.07"]
[EventType "swiss"]
[EventRounds "4"]
[EventCountry "CAN"]

1. d4 Nf6 2. Bg5 c5 3. e3 cxd4 4. exd4 Qb6 5. b3 g6 6. Nf3 Bg7 7. Be2 h6 8. Bc1 O-O 9. O-O d5 10. Bb2 Nc6 11. Re1 Bg4 12. Ne5 Bxe2 13. Rxe2 e6 14. c4 dxc4 15. bxc4 Nxe5 16. dxe5 Rfd8 17. Qc2 Qxb2 18. Qxb2 Rd1+ 0-1

[Event "Take 5 2026.01"]
[Site "Montreal CAN"]
[Date "2026.01.09"]
[Round "1.1"]
[White "Rodrigue-Lemieux, Shawn"]
[Black "Duval, Mathieu"]
[Result "1-0"]
[WhiteElo "2600"]
[BlackElo "1923"]
[WhiteFideId "-1"]
[BlackFideId "-1"]
[PlyCount "61"]
[GameId "2267348061253642"]
[EventDate "2026.01.09"]
[EventType "swiss"]
[EventRounds "5"]
[EventCountry "CAN"]

1. e4 c6 2. Nf3 d5 3. d3 Qc7 4. Nc3 dxe4 5. dxe4 e5 6. Bc4 h6 7. Ne2 Nf6 8. Ng3 b5 9. Bb3 Nbd7 10. c3 Nc5 11. Bc2 Be6 12. b3 a5 13. O-O a4 14. Be3 Rd8 15. Qb1 Ng4 16. Bxc5 Bxc5 17. h3 axb3 18. Bxb3 Nxf2 19. Rxf2 Qa7 20. Nh1 O-O 21. Bxe6 fxe6 22. Qc2 Be3 23. Raf1 Rxf3 24. gxf3 Rd2 25. Qb3 Qf7 26. Rd1 Bxf2+ 27. Nxf2 Re2 28. Rd6 Kh7 29. Qxe6 Qh5 30. Qf5+ Qxf5 31. exf5 1-0

[Event "Take 5 2026.01"]
[Site "Montreal CAN"]
[Date "2026.01.09"]
[Round "1.2"]
[White "Nassif, Aba"]
[Black "Martinez Mulet, Dario Leonel"]
[Result "1/2-1/2"]
[WhiteElo "1910"]
[BlackElo "2262"]
[WhiteFideId "-1"]
[BlackFideId "-1"]
[PlyCount "78"]
[GameId "2267348061278219"]
[EventDate "2026.01.09"]
[EventType "swiss"]
[EventRounds "5"]
[EventCountry "CAN"]

1. d4 Nf6 2. Nc3 c5 3. d5 d6 4. e4 e6 5. Be2 exd5 6. exd5 Be7 7. Bf4 a6 8. g4 h6 9. a4 Nbd7 10. Qd2 Ne5 11. h3 Ng6 12. Be3 Qa5 13. Nf3 b5 14. O-O b4 15. Nd1 h5 16. Nh2 hxg4 17. hxg4 Bb7 18. c4 bxc3 19. Nxc3 Qb4 20. a5 Bc8 21. Ra4 Qb7 22. g5 Nh5 23. b4 Bd7 24. b5 axb5 25. Nxb5 Qc8 26. a6 Kf8 27. a7 Bxb5 28. Bxb5 Qh3 29. f3 Ng3 30. Rf2 Ne5 31. Bf4 c4 32. Bxe5 dxe5 33. d6 Bd8 34. Qd5 Ne2+ 35. Kh1 Ng3+ 36. Kg1 Ne2+ 37. Kh1 Ng3+ 38. Kg1 Ne2+ 39. Kh1 Ng3+ 1/2-1/2

[Event "Take 5 2026.01"]
[Site "Montreal CAN"]
[Date "2026.01.09"]
[Round "1.3"]
[White "Kraiouchkine, Nikita"]
[Black "Zhang, Hou Han"]
[Result "0-1"]
[WhiteElo "2261"]
[BlackElo "1872"]
[WhiteFideId "-1"]
[BlackFideId "-1"]
[PlyCount "88"]
[GameId "2267348061278220"]
[EventDate "2026.01.09"]
[EventType "swiss"]
[EventRounds "5"]
[EventCountry "CAN"]

1. d4 Nf6 2. Nf3 g6 3. c4 Bg7 4. Nc3 O-O 5. g3 c5 6. d5 d6 7. Bg2 e6 8. O-O exd5 9. cxd5 a6 10. a4 Nbd7 11. Nd2 Qe7 12. Nc4 Ne5 13. Nb6 Rb8 14. a5 Nfd7 15. Nxc8 Rfxc8 16. f4 Ng4 17. Kh1 Bxc3 18. bxc3 Ne3 19. Bxe3 Qxe3 20. Rf3 Qe7 21. f5 Re8 22. Qd2 Qxe2 23. Qh6 Qe7 24. Raf1 Ne5 25. Rf4 Qf8 26. Qh4 Qg7 27. f6 Qf8 28. g4 b6 29. axb6 Rxb6 30. Ra4 Reb8 31. g5 Qc8 32. Bh3 Qe8 33. Qh6 Qf8 34. Qh4 h5 35. gxh6 Kh7 36. Qg3 c4 37. Rf4 Rb1+ 38. Bf1 Qc8 39. Qe3 Rd1 40. Kg2 Rb2+ 41. Kg1 Rbb1 42. Ra2 Nd3 43. Rf3 Qg4+ 44. Rg2 Rxf1+ 0-1

[Event "Take 5 2026.01"]
[Site "Montreal CAN"]
[Date "2026.01.09"]
[Round "1.4"]
[White "McCartney, Steven"]
[Black "Berube, Antoine"]
[Result "0-1"]
[WhiteElo "1814"]
[BlackElo "2232"]
[WhiteFideId "-1"]
[BlackFideId "-1"]
[PlyCount "42"]
[GameId "2267348061278221"]
[EventDate "2026.01.09"]
[EventType "swiss"]
[EventRounds "5"]
[EventCountry "CAN"]

1. b3 e5 2. Bb2 Nc6 3. e3 h5 4. Bb5 h4 5. Bxc6 dxc6 6. d4 e4 7. Nd2 Qg5 8. Nxe4 Qxg2 9. Qf3 h3 10. Ng3 Nf6 11. e4 Bg4 12. Qf4 Bd6 13. e5 O-O 14. exd6 Rfe8+ 15. N1e2 Bxe2 16. d7 Bf3+ 17. dxe8=Q+ Rxe8+ 18. Kd2 Qxf2+ 19. Kd3 Be2+ 20. Nxe2 Qxe2+ 21. Kc3 Nd5# 0-1

[Event "Take 5 2026.01"]
[Site "Montreal CAN"]
[Date "2026.01.09"]
[Round "1.5"]
[White "Pomerantz, Daniel"]
[Black "Harper, Jonathan"]
[Result "1-0"]
[WhiteElo "2053"]
[BlackElo "1710"]
[WhiteFideId "-1"]
[BlackFideId "-1"]
[PlyCount "45"]
[GameId "2267348061278222"]
[EventDate "2026.01.09"]
[EventType "swiss"]
[EventRounds "5"]
[EventCountry "CAN"]

1. e4 e6 2. d3 d5 3. Nd2 Nf6 4. Ngf3 Nc6 5. c3 a5 6. Be2 Bc5 7. e5 Nd7 8. d4 Bb6 9. Nf1 f6 10. exf6 Qxf6 11. Bg5 Qf7 12. Ne3 O-O 13. O-O Ne7 14. Ng4 Ng6 15. Bd3 c6 16. Qc2 Nf4 17. Bxh7+ Kh8 18. Bxf4 Qxf4 19. Nge5 Qh6 20. Ng6+ Kxh7 21. Nxf8+ Kg8 22. Ng6 Nf6 23. Nfe5 1-0

[Event "Take 5 2026.01"]
[Site "Montreal CAN"]
[Date "2026.01.09"]
[Round "1.6"]
[White "Vlasov, Alexander"]
[Black "Di Matteo, Alessio"]
[Result "0-1"]
[WhiteElo "1704"]
[BlackElo "2034"]
[WhiteFideId "-1"]
[BlackFideId "-1"]
[PlyCount "110"]
[GameId "2267348061278223"]
[EventDate "2026.01.09"]
[EventType "swiss"]
[EventRounds "5"]
[EventCountry "CAN"]

1. e4 c5 2. Nf3 e6 3. d4 cxd4 4. Nxd4 Nc6 5. Nc3 Qc7 6. Be3 a6 7. a3 b5 8. Be2 Bb7 9. Qd2 Nf6 10. f4 Nxd4 11. Qxd4 d5 12. Bf3 Nxe4 13. Bxe4 dxe4 14. O-O-O Rc8 15. Qb6 Qxb6 16. Bxb6 Bc5 17. Bxc5 Rxc5 18. Rd4 f5 19. Rd6 Ke7 20. Rhd1 Rc7 21. Ne2 Rhc8 22. c3 Bc6 23. R6d2 Bd5 24. Nd4 Bc4 25. Nc2 a5 26. Rd6 Bd3 27. Rb6 Rc6 28. Rb7+ R8c7 29. Rb8 Rd6 30. Ra8 a4 31. Nb4 Rcd7 32. Rc8 Bc4 33. Nc6+ Rxc6 34. Rxc6 Bd3 35. Re1 Kf6 36. h3 h6 37. g4 Rd5 38. Re3 g5 39. fxg5+ hxg5 40. gxf5 Rxf5 41. Rg3 Rf2 42. Rc5 Rc2+ 43. Kd1 e5 44. Rc8 Rxb2 45. Rf8+ Ke6 46. Re8+ Kd5 47. Rxg5 Kc4 48. Rc8+ Kb3 49. Rxe5 Kxa3 50. Rd5 Kb3 51. Rd4 a3 52. Rb4+ Ka2 53. Kc1 e3 54. Ra8 Rc2+ 55. Kd1 e2+ 0-1

[Event "Take 5 2026.01"]
[Site "Montreal CAN"]
[Date "2026.01.09"]
[Round "1.7"]
[White "Both, Aaron"]
[Black "Lapalme, Gabriel"]
[Result "1-0"]
[WhiteElo "1992"]
[BlackElo "1691"]
[WhiteFideId "-1"]
[BlackFideId "-1"]
[PlyCount "87"]
[GameId "2267348061278224"]
[EventDate "2026.01.09"]
[EventType "swiss"]
[EventRounds "5"]
[EventCountry "CAN"]

1. e4 e6 2. d4 d5 3. e5 Ne7 4. Bd3 c5 5. c3 Nbc6 6. Nf3 Qa5 7. O-O cxd4 8. cxd4 Bd7 9. a3 Qb6 10. Kh1 Rc8 11. b4 a6 12. Be3 Na7 13. Re1 Bb5 14. Bc2 Qc6 15. Ra2 Bc4 16. Rb2 Ng6 17. Nbd2 Be7 18. h4 Nxh4 19. Nxh4 Bxh4 20. Qg4 Be7 21. Qxg7 Rf8 22. a4 Kd7 23. Nf3 Qb6 24. a5 Qd8 25. Ng5 Rg8 26. Qxf7 Rc6 27. Nxh7 Kc8 28. Kg1 Nb5 29. Ba4 Bd3 30. Rc1 Rxc1+ 31. Bxc1 Nc7 32. Bc2 Bxc2 33. Rxc2 Kb8 34. Bf4 Rh8 35. Nf6 Bxb4 36. Nd7+ Ka7 37. Bg5 Qxg5 38. Rxc7 Be7 39. Qxe6 Bc5 40. Rxc5 Qh5 41. f3 Qh1+ 42. Kf2 Qh4+ 43. Ke2 Qxd4 44. Qb6+ 1-0

[Event "Take 5 2026.01"]
[Site "Montreal CAN"]
[Date "2026.01.09"]
[Round "1.8"]
[White "Robillard, Guillaume"]
[Black "Turcotte, Jonathan"]
[Result "0-1"]
[WhiteElo "1602"]
[BlackElo "1948"]
[WhiteFideId "-1"]
[BlackFideId "-1"]
[PlyCount "62"]
[GameId "2267348061278225"]
[EventDate "2026.01.09"]
[EventType "swiss"]
[EventRounds "5"]
[EventCountry "CAN"]

1. e4 c6 2. d4 d5 3. f3 dxe4 4. fxe4 e5 5. Nf3 Bg4 6. Bc4 Nd7 7. O-O Ngf6 8. c3 Bd6 9. Qe1 O-O 10. Nbd2 Bh5 11. Nh4 Re8 12. Nf5 Bf8 13. Qg3 Bg6 14. Bd3 b5 15. a4 a6 16. Qh3 Qb6 17. a5 Qa7 18. Kh1 Rad8 19. Nf3 exd4 20. N5xd4 Qc7 21. Bg5 Nc5 22. Bxf6 gxf6 23. Bc2 Nxe4 24. Nh4 c5 25. Ndf5 Rd2 26. Bxe4 Rxe4 27. Nxg6 hxg6 28. Nh6+ Bxh6 29. Qxh6 Ree2 30. Rae1 Qe5 31. Qh4 Rxb2 0-1

[Event "Take 5 2026.01"]
[Site "Montreal CAN"]
[Date "2026.01.10"]
[Round "2.1"]
[White "Turcotte, Jonathan"]
[Black "Rodrigue-Lemieux, Shawn"]
[Result "0-1"]
[WhiteElo "1948"]
[BlackElo "2525"]
[WhiteFideId "-1"]
[BlackFideId "-1"]
[PlyCount "72"]
[GameId "2267348061278227"]
[EventDate "2026.01.09"]
[EventType "swiss"]
[EventRounds "5"]
[EventCountry "CAN"]

1. e4 Nc6 2. Nf3 d6 3. d4 Nf6 4. d5 Nb8 5. Nc3 c6 6. Be2 g6 7. O-O Bg7 8. h3 O-O 9. Re1 a6 10. a4 a5 11. Bf4 Nbd7 12. Qd2 Nc5 13. Bc4 Qb6 14. e5 dxe5 15. Bxe5 Ncd7 16. Bd4 Qb4 17. Qe2 cxd5 18. Bxd5 e6 19. Ba2 b6 20. Nb5 Bb7 21. c3 Qe7 22. Rad1 Nc5 23. Be5 Nfe4 24. Bh2 Rfd8 25. Qc2 Rac8 26. Rxd8+ Rxd8 27. Nfd4 Rd7 28. Rd1 Qh4 29. f3 e5 30. fxe4 exd4 31. cxd4 Nxe4 32. d5 Bxd5 33. g3 Qg5 34. Bxd5 Rxd5 35. Re1 Nxg3 36. Qc8+ Bf8 0-1

[Event "Take 5 2026.01"]
[Site "Montreal CAN"]
[Date "2026.01.10"]
[Round "2.2"]
[White "Berube, Antoine"]
[Black "Both, Aaron"]
[Result "0-1"]
[WhiteElo "2232"]
[BlackElo "1992"]
[WhiteFideId "-1"]
[BlackFideId "-1"]
[PlyCount "74"]
[GameId "2267348061278228"]
[EventDate "2026.01.09"]
[EventType "swiss"]
[EventRounds "5"]
[EventCountry "CAN"]

1. d4 f5 2. g3 Nf6 3. Bg2 g6 4. Nf3 Bg7 5. O-O O-O 6. c4 d6 7. Nc3 c6 8. d5 e5 9. dxe6 Bxe6 10. b3 Na6 11. Ng5 Bc8 12. Bb2 h6 13. Nf3 Be6 14. Qc2 Qe7 15. Nh4 Qf7 16. Rad1 d5 17. cxd5 cxd5 18. Nb5 Rfd8 19. Qb1 Nc5 20. Nf3 a6 21. Ne5 Qe7 22. Nd4 Bf7 23. Nxf7 Qxf7 24. Nf3 Nfe4 25. Qa1 Rac8 26. Bxg7 Qxg7 27. Qxg7+ Kxg7 28. Nd4 Kf6 29. f3 Nc3 30. Rd2 Re8 31. Kf2 g5 32. Rc1 Ne6 33. Nxe6 Rxe6 34. Rcc2 d4 35. f4 Nd1+ 36. Kg1 Rxc2 37. Rxc2 d3 0-1

[Event "Take 5 2026.01"]
[Site "Montreal CAN"]
[Date "2026.01.10"]
[Round "2.3"]
[White "Zhang, Hou Han"]
[Black "Pomerantz, Daniel"]
[Result "1/2-1/2"]
[WhiteElo "1872"]
[BlackElo "2053"]
[WhiteFideId "-1"]
[BlackFideId "-1"]
[PlyCount "218"]
[GameId "2267348061278229"]
[EventDate "2026.01.09"]
[EventType "swiss"]
[EventRounds "5"]
[EventCountry "CAN"]

1. Nf3 Nf6 2. g3 g6 3. Bg2 Bg7 4. O-O c5 5. c4 O-O 6. Nc3 Nc6 7. d3 d6 8. a3 a6 9. Rb1 Rb8 10. b4 cxb4 11. axb4 b5 12. cxb5 axb5 13. Bg5 h6 14. Bxf6 Bxf6 15. Qc1 Bg7 16. Nxb5 Bd7 17. Qc4 Qb6 18. Nc3 Be6 19. Nd5 Bxd5 20. Qxd5 Nxb4 21. Qe4 e6 22. Rb3 Qc5 23. Rfb1 Na6 24. Rxb8 Nxb8 25. h4 Nd7 26. Qa4 Nf6 27. Nd2 d5 28. Bf3 Rc8 29. Kg2 Ne8 30. Nb3 Qe7 31. Na5 Nd6 32. Rb6 Kh7 33. Nc6 Qd7 34. Qa6 Nf5 35. e4 dxe4 36. Bxe4 h5 37. Rb7 Rc7 38. Rb8 Qd6 39. Qb5 Rxc6 40. Bxc6 Nd4 41. Qb6 Qxc6+ 42. Qxc6 Nxc6 43. Rb7 Kg8 44. Kf1 Nd4 45. Ra7 Bf6 46. Ra5 Kg7 47. Ra6 Be7 48. Ra7 Kf6 49. Ra5 Bf8 50. Ra8 Be7 51. Ra5 e5 52. Ra6+ Kf5 53. Ra7 Ke6 54. Ra6+ Bd6 55. Ra8 Nf5 56. Ra6 Ke7 57. Ra7+ Kf6 58. Ra6 Kg7 59. Rb6 Bc5 60. Rb5 Bd4 61. Kg2 Nh6 62. f3 Nf5 63. Rb4 Ne3+ 64. Kh3 Nd1 65. Kg2 Nb2 66. Rb3 Na4 67. Ra3 Nc5 68. Kf1 Kf6 69. Ke2 Kf5 70. Ra7 f6 71. Rf7 Ne6 72. Rh7 Bc5 73. Kf1 Nd4 74. Kg2 Bb4 75. Rb7 Be1 76. Rb1 Bd2 77. Rb2 Be3 78. Rb8 Bh6 79. Rh8 Bd2 80. Rb8 Bc3 81. Rc8 Be1 82. Rb8 Ne2 83. Rb2 Bxg3 84. Rxe2 Bxh4 85. Re4 Bg5 86. d4 exd4 87. Rxd4 Bf4 88. Kh3 g5 89. Rd5+ Be5 90. Ra5 Kf4 91. Kg2 h4 92. Ra4+ Kf5 93. Ra5 Kg6 94. Ra6 Kh5 95. Ra5 Bf4 96. Rb5 Kg6 97. Rb6 Kf5 98. Rb5+ Be5 99. Ra5 Kf4 100. Ra4+ Kf5 101. Ra5 Ke6 102. Ra6+ Bd6 103. Kh3 f5 104. f4 gxf4 105. Kxh4 Ke5 106. Kh3 Bb4 107. Kg2 Bd2 108. Kf3 Be3 109. Ra5+ Ke6 1/2-1/2

[Event "Take 5 2026.01"]
[Site "Montreal CAN"]
[Date "2026.01.10"]
[Round "2.4"]
[White "Di Matteo, Alessio"]
[Black "Iordanescu, Victor Nicolae"]
[Result "1-0"]
[WhiteElo "2034"]
[BlackElo "1945"]
[WhiteFideId "-1"]
[BlackFideId "-1"]
[PlyCount "53"]
[GameId "2267348061315094"]
[EventDate "2026.01.09"]
[EventType "swiss"]
[EventRounds "5"]
[EventCountry "CAN"]

1. d4 Nf6 2. c4 e6 3. Nc3 Bb4 4. a3 Bxc3+ 5. bxc3 Nc6 6. f3 Na5 7. e4 b6 8. e5 Ng8 9. Bd3 Ba6 10. Qe2 d6 11. f4 Qd7 12. Rb1 Ne7 13. Nf3 O-O-O 14. O-O Kb8 15. Rd1 h6 16. Be3 f6 17. Bf2 Rhg8 18. d5 dxe5 19. fxe5 exd5 20. e6 Qa4 21. Rb4 Qe8 22. c5 Bxd3 23. Qxd3 Nec6 24. cxb6 axb6 25. Qa6 Nb7 26. Bxb6 Nxb4 27. Qa7+ 1-0

[Event "Take 5 2026.01"]
[Site "Montreal CAN"]
[Date "2026.01.10"]
[Round "2.5"]
[White "Martinez Mulet, Dario Leonel"]
[Black "Kraiouchkine, Nikita"]
[Result "0-1"]
[WhiteElo "2262"]
[BlackElo "2261"]
[WhiteFideId "-1"]
[BlackFideId "-1"]
[PlyCount "50"]
[GameId "2267348061319191"]
[EventDate "2026.01.09"]
[EventType "swiss"]
[EventRounds "5"]
[EventCountry "CAN"]

1. d4 d5 2. Nf3 Nf6 3. c4 c6 4. e3 Bf5 5. Nc3 e6 6. Nh4 Be4 7. Qb3 Qb6 8. c5 Qc7 9. Bd2 Nbd7 10. f3 Bg6 11. Qa4 Be7 12. g3 Bh5 13. e4 dxe4 14. fxe4 e5 15. Nf5 Bf3 16. Nxg7+ Kd8 17. Rg1 Nxe4 18. Nxe4 Bxe4 19. Rd1 Rg8 20. Bh3 Rxg7 21. Ba5 b6 22. dxe5 Bd5 23. Bxd7 Qxe5+ 24. Kf2 Bxc5+ 25. Kf1 Qf6+ 0-1

[Event "Take 5 2026.01"]
[Site "Montreal CAN"]
[Date "2026.01.10"]
[Round "2.6"]
[White "Duval, Mathieu"]
[Black "Nassif, Aba"]
[Result "1-0"]
[WhiteElo "1923"]
[BlackElo "1932"]
[WhiteFideId "-1"]
[BlackFideId "-1"]
[PlyCount "109"]
[GameId "2267348061319192"]
[EventDate "2026.01.09"]
[EventType "swiss"]
[EventRounds "5"]
[EventCountry "CAN"]

1. d4 Nf6 2. c4 e6 3. Nc3 Bb4 4. e3 b6 5. Nge2 O-O 6. a3 Be7 7. Ng3 d5 8. Bd3 Bb7 9. O-O Nbd7 10. Qc2 c5 11. Rd1 Rc8 12. cxd5 c4 13. Be2 exd5 14. Nf5 Re8 15. Nb5 Rc6 16. Nxa7 Re6 17. Nxe7+ R8xe7 18. Nb5 Ne4 19. Bd2 Rh6 20. Bb4 Qb8 21. g3 Ree6 22. Bg4 Ndf6 23. Bxe6 fxe6 24. f3 Ng5 25. Rf1 Bc6 26. Nc3 Be8 27. Qg2 Nh3+ 28. Kh1 Bg6 29. e4 Ng5 30. Rae1 Nh5 31. Kg1 Nf6 32. Be7 Nh3+ 33. Kh1 dxe4 34. Nxe4 Nd5 35. Bd6 Qd8 36. Be5 b5 37. Nc5 Bf7 38. Nb7 Qd7 39. Nc5 Qe7 40. f4 Be8 41. f5 Bc6 42. fxe6 Qe8 43. Ne4 Qxe6 44. Bd6 Ne7 45. Bxe7 Qxe7 46. d5 Bd7 47. Nf6+ Qxf6 48. Rxf6 Rxf6 49. Rf1 Rg6 50. Qe4 Rf6 51. Rxf6 gxf6 52. Kg2 Ng5 53. Qe7 Bh3+ 54. Kf2 Bg4 55. d6 1-0

[Event "Take 5 2026.01"]
[Site "Montreal CAN"]
[Date "2026.01.10"]
[Round "2.7"]
[White "Lapalme, Gabriel"]
[Black "McCartney, Steven"]
[Result "0-1"]
[WhiteElo "1691"]
[BlackElo "1814"]
[WhiteFideId "-1"]
[BlackFideId "-1"]
[PlyCount "68"]
[GameId "2267348061323289"]
[EventDate "2026.01.09"]
[EventType "swiss"]
[EventRounds "5"]
[EventCountry "CAN"]

1. d4 Nf6 2. c4 c5 3. d5 e6 4. dxe6 fxe6 5. Nc3 Be7 6. e4 Nc6 7. Nf3 O-O 8. Be2 d6 9. O-O e5 10. Bg5 Nd4 11. Bxf6 Rxf6 12. Nxd4 cxd4 13. Nd5 Rg6 14. Qb3 Kh8 15. f4 b6 16. Bh5 Rh6 17. Qf3 Be6 18. fxe5 dxe5 19. Bf7 Bxd5 20. exd5 Bc5 21. Qd3 Qh4 22. h3 e4 23. Qd2 d3+ 24. Kh1 Qg3 25. Qf4 Qxf4 26. Rxf4 e3 27. Re4 Rf6 28. Bh5 Raf8 29. a3 Rf1+ 30. Rxf1 Rxf1+ 31. Kh2 e2 32. b4 Bd6+ 33. g3 e1=Q 34. Rxe1 Rxe1 0-1

[Event "Take 5 2026.01"]
[Site "Montreal CAN"]
[Date "2026.01.10"]
[Round "2.8"]
[White "Harper, Jonathan"]
[Black "Robillard, Guillaume"]
[Result "0-1"]
[WhiteElo "1710"]
[BlackElo "1602"]
[WhiteFideId "-1"]
[BlackFideId "-1"]
[PlyCount "143"]
[GameId "2267348061323290"]
[EventDate "2026.01.09"]
[EventType "swiss"]
[EventRounds "5"]
[EventCountry "CAN"]

1. d4 Nf6 2. c4 d6 3. Nf3 Nbd7 4. Nc3 e5 5. e4 c6 6. Be2 exd4 7. Nxd4 g6 8. O-O Bg7 9. Be3 O-O 10. Qd2 Re8 11. f3 Ne5 12. Rfd1 Be6 13. Nxe6 Rxe6 14. Bc5 Bf8 15. Bd4 Qc7 16. Rac1 a5 17. Na4 Ned7 18. b3 Rae8 19. Bf1 Nc5 20. Nxc5 dxc5 21. Bc3 b6 22. g3 Rd6 23. Qf4 Nh5 24. Qg4 Bh6 25. e5 Rdd8 26. f4 Bg7 27. Bh3 f5 28. Qf3 Bf8 29. Bg2 Rc8 30. Rd3 Qf7 31. Rcd1 Rc7 32. R1d2 Ng7 33. Qd1 Ne6 34. Bf3 Be7 35. Kf2 Qf8 36. Rd7 Rxd7 37. Rxd7 Nd8 38. Qh1 Qh6 39. Kg1 g5 40. Bxc6 Qxc6 41. Qd5+ Qxd5 42. cxd5 gxf4 43. gxf4 Bf8 44. e6 Bh6 45. Be5 Nxe6 46. dxe6 Rxe6 47. Kf2 Rg6 48. Rb7 Re6 49. a4 Bf8 50. Ke3 Rh6 51. Kd3 Rxh2 52. Rxb6 h5 53. Rg6+ Kh7 54. Rg5 h4 55. Rxf5 Bh6 56. Rf6 h3 57. f5 Rg2 58. Kc4 Bg7 59. Rf7 Kg8 60. Rxg7+ Rxg7 61. Kxc5 Rg5 62. Bc7 Rxf5+ 63. Kc4 Kf7 64. b4 axb4 65. Kxb4 Ke7 66. a5 Kd7 67. Bg3 Kc6 68. Ka4 Kb7 69. Kb4 Rf3 70. Be5 Rf2 71. Kb5 h2 72. a6+ 0-1

[Event "Take 5 2026.01"]
[Site "Montreal CAN"]
[Date "2026.01.10"]
[Round "3.1"]
[White "Rodrigue-Lemieux, Shawn"]
[Black "Di Matteo, Alessio"]
[Result "1-0"]
[WhiteElo "2525"]
[BlackElo "2034"]
[WhiteFideId "-1"]
[BlackFideId "-1"]
[PlyCount "59"]
[GameId "2267348061327388"]
[EventDate "2026.01.09"]
[EventType "swiss"]
[EventRounds "5"]
[EventCountry "CAN"]

1. c4 Nf6 2. Nc3 e6 3. e4 d5 4. cxd5 exd5 5. e5 d4 6. exf6 dxc3 7. Bb5+ c6 8. Qe2+ Be6 9. Bc4 Qxf6 10. dxc3 Bc5 11. Bxe6 Qxe6 12. Qxe6+ fxe6 13. Nf3 Nd7 14. O-O h6 15. Re1 Kf7 16. Bf4 Bb6 17. a4 a5 18. Nd2 Nf6 19. Nc4 Nd5 20. Bd6 Bc7 21. Rad1 Bxd6 22. Nxd6+ Ke7 23. Nxb7 Rhb8 24. Nc5 Kd6 25. Nxe6 Re8 26. Nxg7 Rxe1+ 27. Rxe1 Rb8 28. Nf5+ Kc5 29. Re2 Kc4 30. g3 1-0

[Event "Take 5 2026.01"]
[Site "Montreal CAN"]
[Date "2026.01.10"]
[Round "3.2"]
[White "Both, Aaron"]
[Black "Zhang, Hou Han"]
[Result "1-0"]
[WhiteElo "1992"]
[BlackElo "1872"]
[WhiteFideId "-1"]
[BlackFideId "-1"]
[PlyCount "99"]
[GameId "2267348061327389"]
[EventDate "2026.01.09"]
[EventType "swiss"]
[EventRounds "5"]
[EventCountry "CAN"]

1. e4 c5 2. Nc3 Nc6 3. Bb5 g6 4. Bxc6 dxc6 5. d3 Nf6 6. e5 Ng4 7. Nf3 Bg7 8. Bf4 h5 9. Qe2 Be6 10. h3 Nh6 11. Ne4 Nf5 12. c3 Qa5 13. Neg5 Bd5 14. O-O O-O-O 15. e6 f6 16. Nf7 g5 17. Bh2 g4 18. hxg4 hxg4 19. Ne1 Rh4 20. Bg3 Rh7 21. Nc2 Nh4 22. Qxg4 Nxg2 23. f3 Bh6 24. Kxg2 Rg7 25. Nxh6 Rxg4 26. Nxg4 Rg8 27. Nce3 Bxe6 28. Kf2 Qb5 29. Rab1 Qxd3 30. Rbd1 Qg6 31. Rg1 Qg5 32. Rde1 f5 33. f4 Qh5 34. Rh1 Qg6 35. Rh6 Qf7 36. Ne5 Qg7 37. Rg6 Qh7 38. Rxe6 Qh3 39. Rg6 Rd8 40. Nf3 Qh7 41. Re6 Rd6 42. Rxd6 exd6 43. Ng5 Qg8 44. Nxf5 Qxa2 45. Re2 d5 46. Nd6+ Kd7 47. f5 d4 48. f6 d3 49. Re7+ Kd8 50. Ngf7+ 1-0

[Event "Take 5 2026.01"]
[Site "Montreal CAN"]
[Date "2026.01.10"]
[Round "3.3"]
[White "Pomerantz, Daniel"]
[Black "Berube, Antoine"]
[Result "0-1"]
[WhiteElo "2053"]
[BlackElo "2232"]
[WhiteFideId "-1"]
[BlackFideId "-1"]
[PlyCount "150"]
[GameId "2267348061331486"]
[EventDate "2026.01.09"]
[EventType "swiss"]
[EventRounds "5"]
[EventCountry "CAN"]

1. e4 c5 2. Nf3 Nc6 3. d4 cxd4 4. Nxd4 e5 5. Nb5 d6 6. N1c3 a6 7. Na3 Be7 8. Nc4 b5 9. Ne3 Nf6 10. Bd3 O-O 11. O-O Nb4 12. Be2 Be6 13. a3 Nc6 14. Bd3 Na5 15. Ned5 Nxd5 16. Nxd5 Bxd5 17. exd5 f5 18. f3 Nc4 19. Qe2 Nb6 20. Bd2 Qc7 21. Rad1 Rac8 22. Kh1 g6 23. Ba5 Qb7 24. Bxb6 Qxb6 25. a4 bxa4 26. Bxa6 Rc5 27. Rb1 Rb8 28. Bc4 Qb4 29. Ba2 Bg5 30. c3 Qb6 31. g4 f4 32. Qc2 Qa7 33. Rfe1 Rcb5 34. Re4 Qb6 35. Rxa4 Rxb2 36. Rxb2 Qxb2 37. Qxb2 Rxb2 38. Bc4 e4 39. Ra2 Rb1+ 40. Kg2 e3 41. Be2 Bf6 42. Rc2 Kf7 43. c4 Bd4 44. Ra2 Kf6 45. Ra8 Re1 46. Ra2 Ke5 47. Rc2 Bc5 48. Kh3 Bb4 49. Kg2 Bd2 50. Bf1 e2 51. Bxe2 Rxe2+ 52. Kf1 Rxh2 53. Kg1 Re2 54. Kf1 Re1+ 55. Kf2 Bb4 56. Rb2 Bc3 57. Rb7 Kd4 58. Rxh7 Ra1 59. Re7 Ra2+ 60. Kf1 Kxc4 61. Re4+ Kxd5 62. Rxf4 Be5 63. Re4 g5 64. Ke1 Kc5 65. Kf1 Bf4 66. Re8 d5 67. Rc8+ Kd4 68. Re8 Kc4 69. Rc8+ Kd3 70. Re8 d4 71. Re6 Be3 72. Re5 Rf2+ 73. Ke1 Rxf3 74. Ra5 Bd2+ 75. Kd1 Rf1# 0-1